MLB bWAR leaders 1990-present - Statistics

General Stats
  • This quiz has been taken 25 times
  • The average score is 53 of 68
Answer Stats
Team WAR Answer % Correct
NYY 117.5 Alex Rodriguez
100%
ATL 62.7 Andruw Jones
100%
SFG 139.2 Barry Bonds
100%
ATL 85.3 Chipper Jones
100%
NYY 71.3 Derek Jeter
100%
HOU 79.9 Jeff Bagwell
100%
SEA 80.6 Ken Griffey Jr.
100%
BOS 69.3 Manny Ramirez
100%
DET* 67.5 Miguel Cabrera
100%
LAA* 82.9 Mike Trout
100%
TEX 93.5 Adrian Beltre
95%
STL 101.7 Albert Pujols
95%
SEA 67.7 Edgar Martinez
95%
TBR 58.6 Evan Longoria
95%
CHW 73.8 Frank Thomas
95%
TEX 68.7 Ivan Rodriguez
95%
CIN* 64.5 Joey Votto
95%
COL 72.9 Larry Walker
95%
PHI 70.1 Scott Rolen
95%
PIT* 47.8 Andrew McCutchen
91%
PHI 64.5 Chase Utley
91%
HOU 62.5 Craig Biggio
91%
CLE 73.1 Jim Thome
91%
SDP* 51.5 Manny Machado
91%
LAD* 56.5 Mookie Betts
91%
STL* 59.1 Paul Goldschmidt
91%
COL 61.8 Todd Helton
91%
MON 59.5 Vladimir Guerrero
91%
MIN 55.2 Joe Mauer
86%
LAD 59.5 Mike Piazza
86%
BOS 55.3 David Ortiz
82%
NYY* 45.0 Giancarlo Stanton
82%
SEA 60.0 Ichiro Suzuki
82%
ARI 51.6 Luis Gonzalez
82%
STL* 52.6 Nolan Arenado
82%
TEX 66.4 Rafael Palmeiro
82%
CHC 59.0 Sammy Sosa
82%
NYM 49.2 David Wright
77%
LAD* 49.5 Freddie Freeman
77%
OAK 50.5 Jason Giambi
77%
SFG 55.5 Jeff Kent
77%
HOU* 46.5 Jose Altuve
77%
STL 50.9 Mark McGwire
77%
NYM 70.1 Carlos Beltran
73%
HOU 52.0 Lance Berkman
73%
TEX 50.6 Mark Teixeira
73%
BOS 51.9 Dustin Pedroia
68%
PHI 47.6 Jimmy Rollins
68%
NYY 68.1 Robinson Cano
68%
MIL 47.1 Ryan Braun
68%
PHI 60.2 Bobby Abreu
64%
NYY* 46.6 Josh Donaldson
64%
CLE 68.4 Kenny Lofton
59%
OAK 47.1 Miguel Tejada
59%
TOR 58.2 Roberto Alomar
59%
NYY 49.6 Bernie Williams
55%
LAD 60.8 Gary Sheffield
55%
TEX 54.1 Ian Kinsler
55%
CIN 56.9 Barry Larkin
50%
BAL 45.7 Cal Ripken Jr.
50%
STL 60.4 Jim Edmonds
50%
KCR 56.3 Johnny Damon
50%
DET 47.2 Curtis Granderson
45%
MIN 50.7 Torii Hunter
45%
PIT 51.1 Brian Giles
41%
TOR 58.1 John Olerud
41%
CHW 56.0 Robin Ventura
36%
SEA 46.7 Mike Cameron
9%
No matching quizzes found
Score Distribution
Percent of People with Each Score
Percentile by Number Answered
Your Score History
You have not taken this quiz